000 00408nam a2200181Ia 4500
005 20250603145727.0
008 250603s9999 xx 000 0 und d
020 _a0421250208
050 _aKN 200 .B2/
100 _aBaker, P. V.
245 0 _aSnell’s principles of equity
260 _aLondon
260 _bSweet & Maxwell
260 _c1982
300 _a703 p
650 _aLondon
942 _cBK
999 _c42677
_d42677